29 de Octubre de 1821 Fecha de la independencia de Costa Rica
Guardado en:
| Hovedforfatter: | |
|---|---|
| Format: | Bog |
| Sprog: | Spanish |
| Udgivet: |
Costa Rica;
B.B.B. Producciones,
2014.
|
| Fag: | |
| Tags: |
Tilføj Tag
Ingen Tags, Vær først til at tagge denne postø!
|
MARC
| LEADER | 00000nam a22000007a 4500 | ||
|---|---|---|---|
| 008 | 180307b xxu||||| |||| 00| 0 spa d | ||
| 041 | 0 | |a spa | |
| 082 | 0 | 4 | |a 972.860.4 |b R741v |
| 100 | 1 | |a Rojas, Miguel |d 1952- | |
| 245 | 1 | 0 | |a 29 de Octubre de 1821 |b Fecha de la independencia de Costa Rica |
| 260 | 1 | |a Costa Rica; |b B.B.B. Producciones, |c 2014. | |
| 300 | |a 233 páginas | ||
| 500 | |a Donación Miguel Rojas | ||
| 500 | |a Firmado por autor | ||
| 650 | |a COSTA RICA |x HISTORIA - INDEPENDENCIA | ||
| 650 | |a COSTA RICA |x HISTORIA - 1821-1823 | ||
| 942 | |2 ddc |c BK | ||
| 999 | |c 21876 |d 21876 | ||
